Перекресток времен. Новые россы: фантастический роман

Bibliographic Details
Main Author: Захаров А. Н. Андрей Николаевич
Summary:Никто из наших современников, решивших поехать отдохнуть на берега таинственного озера в Чернобыльской зоне отчуждения, не ожидал, что эта поездка так изменит их дальнейшую судьбу. Природный катаклизм, встреча с бойцами Красной армии, попавшими в окружение под Киевом в 1941 году, и с отрядом белогвардейцев из 1919 года, не входила в их планы. Но человек предполагает, а Бог располагает. Кто захотел испытать их, Бог или кто-то другой, собрав всех вместе и забросив в горы Южной Америки, в шестнадцатый век, в эпоху развала империи инков и завоевания ее испанскими конкистадорами, они не знали. Но испытания, выпавшие на их долю, заставили всех объединиться и начать новую жизнь.
Language:Russian
Published: Москва, Альфа-книга, 2012
Series:Фантастическая история
Subjects:
Format: Book
KOHA link:https://koha.lib.tpu.ru/cgi-bin/koha/opac-detail.pl?biblionumber=237532

MARC

LEADER 00000nam0a2200000 4500
001 237532
005 20231101231538.0
010 |a 9785992212730 
035 |a (RuTPU)RU\TPU\book\258706 
090 |a 237532 
100 |a 20130516d2012 m y0rusy50 ca 
101 0 |a rus 
102 |a RU 
105 |a y z 000ay 
200 1 |a Перекресток времен. Новые россы  |e фантастический роман  |f А. Н. Захаров 
210 |a Москва  |c Альфа-книга  |d 2012 
215 |a 442 с. 
225 1 |a Фантастическая история 
330 |a Никто из наших современников, решивших поехать отдохнуть на берега таинственного озера в Чернобыльской зоне отчуждения, не ожидал, что эта поездка так изменит их дальнейшую судьбу. Природный катаклизм, встреча с бойцами Красной армии, попавшими в окружение под Киевом в 1941 году, и с отрядом белогвардейцев из 1919 года, не входила в их планы. Но человек предполагает, а Бог располагает. Кто захотел испытать их, Бог или кто-то другой, собрав всех вместе и забросив в горы Южной Америки, в шестнадцатый век, в эпоху развала империи инков и завоевания ее испанскими конкистадорами, они не знали. Но испытания, выпавшие на их долю, заставили всех объединиться и начать новую жизнь. 
606 1 |a Русская литература современная  |2 stltpush  |3 (RuTPU)RU\TPU\subj\26373  |9 50316 
610 1 |a романы 
610 1 |a фантастика 
610 1 |a исторические романы 
675 |a Р2  |v 3 
700 1 |a Захаров  |b А. Н.  |g Андрей Николаевич 
801 1 |a RU  |b 63413507  |c 20130516 
801 2 |a RU  |b 63413507  |c 20130521  |g RCR 
942 |c BK